A tansquil journey (Record no. 2589)

MARC details
000 -LEADER
fixed length control field 00698nam a2200241 i 4500
001 - CONTROL NUMBER
control field C2-0010094
003 - CONTROL NUMBER IDENTIFIER
control field PPAK
005 - DATE AND TIME OF LATEST TRANSACTION
control field 20190630221902.0
008 - FIXED-LENGTH DATA ELEMENTS--GENERAL INFORMATION
fixed length control field 970128s1990 my a|||| ||||| | eng d
040 ## - CATALOGING SOURCE
Original cataloging agency PPAK
Language of cataloging eng
Transcribing agency PPAK
Description conventions rda
082 04 - DEWEY DECIMAL CLASSIFICATION NUMBER
Classification number 581.5262309595
Edition number 23
090 00 - LOCALLY ASSIGNED LC-TYPE CALL NUMBER (OCLC); LOCAL CALL NUMBER (RLIN)
Classification number (OCLC) (R) ; Classification number, CALL (RLIN) (NR) 581.5262309595
Feature heading JUN
Feature heading R
100 1# - MAIN ENTRY--PERSONAL NAME
Personal name Junckerstorff, Kurtheinz,
Relator term author
245 12 - TITLE STATEMENT
Title A tansquil journey
264 #1 - PRODUCTION, PUBLICATION, DISTRIBUTION, MANUFACTURE, AND COPYRIGHT NOTICE
Place of production, publication, distribution, manufacture Kuala Lumpur :
Name of producer, publisher, distributor, manufacturer Tropical Press ,
Date of production, publication, distribution, manufacture, or copyright notice 1990
300 ## - PHYSICAL DESCRIPTION
Extent 171 pages :
Other physical details colour illustrations ;
Dimensions 29 cm
336 ## - CONTENT TYPE
Source rdacontent
Content type term text
337 ## - MEDIA TYPE
Source rdamedia
Media type term unmediated
338 ## - CARRIER TYPE
Source rdacarrier
Carrier type term volume
650 10 - SUBJECT ADDED ENTRY--TOPICAL TERM
Topical term or geographic name entry element Rain forests - Malaysia - Pictorial works
700 ## - ADDED ENTRY--PERSONAL NAME
Relator term author
942 ## - ADDED ENTRY ELEMENTS (KOHA)
-- dc
Koha item type Book
Holdings
Withdrawn Not for loan Current library Shelving location Date acquired Full call number Barcode Date last seen Koha item type
  Not For Loan Perpustakaan Alor Setar Rujukan Dewasa 11/03/1998 R 581.5262309595 JUN A00104103 08/05/2018 Book
  Not For Loan Perpustakaan Awam Sungai Petani Rujukan Dewasa 24/03/2004 R 581.5262309595 JUN A00425653 08/05/2018 Book
  Not For Loan Perpustakaan Jitra Rujukan Dewasa 05/04/2004 R 581.5262309595 JUN A00847588 08/05/2018 Book
  Not For Loan Perpustakaan Kulim Rujukan Dewasa 07/03/2004 R 581.5262309595 JUN A00342619 08/05/2018 Book
  Not For Loan Perpustakaan Langkawi Rujukan Dewasa 23/10/2005 R 581.5262309595 JUN A00355499 08/05/2018 Book